00949nam a22001937a 4500003000400000005001700004008003000021040002600051082002800077111018300105245004800288260008300336300003700419490002900456650008000485650007900565650007300644700003800717OSt20230719133607.0201126b2016 dr ac 00| 0 spa d aDO-SdBNPbspacBPMSU  a337.142bS471i 20152222 aSeminario Internacional "Los Signos de los Nuevos Tiempos y los Procesos de Integración en Centroamérica y el Caribe"n(1o. :ddel 19 al 21 de octubre de 2015cSanto Domingo)10aMemorias /cpresentación Miguel Mejía. aSanto Domingo :bMinisterio para Políticas de Integración Regional,c2016. a214 p. :bil., retrs. ;c23 cm. 0 aEducar para integrar,v4 4aIntegración regional zAmérica Latina.vEnsayos, conferencias, etc. y  4aIntegración económicazAmérica Latina.vEnsayos, conferencias, etc.  4aIntegración económicazCaribe (Región, República Dominicana)1 aMejía, Miguel,epresentación